Statistics for The Complete Game of Thrones death quiz

Click here to take the quiz!

General Stats

  • This quiz has been taken 154 times
  • The average score is 54 of 195

Answer Stats

HintAnswer% Correct
1/2 Ran over and butchered by Sandor Clegane:Mycah
77%
1/1 Poisoned:Jon Arryn
76%
1/1 Beheaded by Eddard StarkWill
76%
1/7 Dies of wounds inflicted by a boar:Robert Baratheon
74%
1/9 Beheaded by Ser Ilyn Payne on Joffrey Baratheon's orders:Eddard Stark
71%
1/5 Stabbed through the eye by Jaime Lannister:Jory Cassel
71%
1/6 Crowned with molten gold by Drogo:Viserys Targaryen
67%
1/10 Smothered by Daenerys Targaryen:Drogo
64%
2/5 Stabbed through the chest by the shadow assassin:Renly Baratheon
63%
1/10 Stillborn:Rhaego
61%
3/9 Throat slit by Black Walder Rivers:Catelyn Stark
60%
1/2 Stabbed by Eddard Stark:Lady
60%
3/9 Stabbed in the heart by Roose Bolton:Robb Stark
60%
3/6 Shot multiple times with a crossbow by Joffrey Baratheon:Ros
59%
4/10 Shot with crossbow bolts by Tyrion Lannister:Tywin Lannister
59%
4/9 Shot with an arrow through the chest by Olly:Ygritte
59%
5/10 Stabbed by Alliser Thorne, Othell Yarwick, Bowen Marsh and Olly:Jon Snow
57%
4/7 Pushed out the Moon Door by Petyr Baelish:Lysa Arryn
57%
6/2 Stabbed in the heart by his son, Ramsay Bolton:Roose Bolton
57%
4/10 Strangled to death by Tyrion Lannister:Shae
57%
6/10 Throat slit by Arya Stark:Walder Frey
57%
6/2 Thrown from a bridge by his brother, Euron Greyjoy:Balon Greyjoy
56%
4/10 Stabbed by a wight and mercy-killed by Meera Reed:Jojen Reed
56%
6/10 Died giving birth in a flashback:Lyanna Stark
56%
6/9 Devoured in dog kennels by his own hounds:Ramsay Bolton
56%
3/5 Beheaded by Robb Stark:Rickard Karstark
56%
5/9 Burned alive for sacrifice by Melisandre:Shireen Baratheon
56%
5/10 Beheaded by Brienne of Tarth:Stannis Baratheon
56%
2/10 Mercy-killed by Osha after being stabbed by Dagmer:Luwin
54%
4/8 Eyes gouged out and skull crushed by Gregor Clegane:Oberyn Martell
54%
2/6 Beheaded by Theon Greyjoy:Rodrik Cassel
54%
1/8 Killed by Meryn Trant:Syrio Forel
54%
5/10 Poisoned by Ellaria Sand:Myrcella Baratheon
53%
6/9 Shot with an arrow through the chest by Ramsay Bolton:Rickon Stark
53%
6/3 Hanged by Jon Snow:Alliser Thorne
51%
3/4 Stabbed through the throat by Karl Tanner:Craster
51%
6/1 Stabbed in the chest by Ellaria Sand:Doran Martell
51%
5/1 Burned by Melisandre and shot with an arrow by Jon Snow:Mance Rayder
51%
6/3 Hanged by Jon Snow:Olly
51%
6/10 Committed suicide by jumping from a window of the Red Keep:Tommen Baratheon
51%
3/9 Stabbed repeatedly by Lothar Frey:Talisa Stark
50%
3/4 Stabbed through the back by Rast:Jeor Mormont
49%
6/10 Stabbed repeatedly by Qyburn's little birds:Pycelle
49%
5/7 Natural Causes:Aemon
47%
5/4 Killed in battle against the Sons of the Harpy:Barristan Selmy
47%
6/10 Incinerated in a wildfire explosion orchastrated by Cersei Lannister:Margaery Tyrell
47%
5/10 Thrown from a rampart by Theon Greyjoy:Myranda
47%
6/8 Killed and face cut out by Arya Stark off-screen:The Waif
47%
4/9 Killed by Mag Mar Tun Doh Weg:Grenn
46%
6/10 Incinerated in a wildfire explosion orchastrated by Cersei Lannister:High Sparrow
46%
5/3 Beheaded by Jon SnowJanos Slynt
46%
4/2 Choked to death by poison:Joffrey Baratheon
46%
5/10 Stabbed and throat slit by Arya Stark:Meryn Trant
46%
5/10 Hanged Herself:Selyse Baratheon
46%
6/6 Slain by Jaime Lannister in a flashback:Aerys Targaryen
44%
2/10 Locked inside Xaro's vault to suffocate or starve:Doreah
44%
6/10 Incinerated in a wildfire explosion orchastrated by Cersei Lannister:Lancel Lannister
44%
6/10 Incinerated in a wildfire explosion orchastrated by Cersei Lannister:Loras Tyrell
44%
6/4 Stabbed in the neck by Ramsay Bolton:Osha
44%
4/5 Neck snapped by Hodor/Bran:Locke
43%
6/2 Mauled to death by Ramsay's hounds:Walda Bolton
43%
6/3 Stabbed by Howland Reed and beheaded by Eddard Stark in a flashback:Arthur Dayne
41%
6/10 Incinerated in a wildfire explosion orchastrated by Cersei Lannister:Mace Tyrell
41%
3/5 Stabbed by Rickard Karstark:Martyn Lannister
41%
2/10 Burned by Drogon, Rhaegal and Viserion:Pyat Pree
40%
2/10 Stabbed by Jon Snow with Longclaw:Qhorin
40%
2/5 Neck snapped by Jaqen H'ghar:The Tickler
40%
6/1 Speared through the head by Obara Sand:Trystane Martell
40%
1/1 Slain by White Walkers:Waymar Royce
40%
6/3 Hanged by Jon Snow:Bowen Marsh
39%
1/4 Speared through the throat by Gregor Clegane:Hugh
39%
2/9 Killed in the wildfire explosion:Matthos Seaworth
39%
3/5 Stabbed by Rickard Karstark:Willem Lannister
39%
6/5 Torn apart by wights:Hodor
37%
5/8 Beaten to death by Tormund:Lord of Bones
37%
6/10 Killed and carved into a pie by Arya Stark:Lothar Frey
37%
4/9 Killed by Grenn and five other black brothers:Mag Mar Tun Doh Weg
37%
4/5 Killed by Ghost:Rast
37%
2/3 Pierced through the back of the neck by Amory Lorch:Yoren
37%
6/10 Incinerated in a wildfire explosion orchastrated by Cersei Lannister:Kevan Lannister
36%
1/10 Burned alive by Daenerys Targaryen:Mirri Maz Duur
36%
4/1 Stabbed by Arya Stark:Polliver
36%
2/6 Poisoned by Jaqen H'ghar:Amory Lorch
34%
1/1 Beheaded by a White Walker:Gared
34%
3/9 Shot by Frey crossbowmen:Grey Wind
34%
6/3 Hanged by Jon Snow:Othell Yarwick
34%
6/5 Slain by the Night's King:Three-eyed Raven
34%
6/8 Killed fighting off the Lannisters and the Freys off-screen:Brynden Tully
33%
4/3 Shot by crossbow on the orders of Petyr Baelish:Dontos Hollard
33%
3/2 Died off-screen of natural causes:Hoster Tully
33%
2/1 Poisoned himself:Cressen
31%
6/5 Torn apart by wights:Leaf
31%
6/5 Mauled to death by wights:Summer
31%
6/9 Throat ripped out and stabbed repeatedly by Tormund:Smalljon Umber
30%
6/10 Killed and carved into a pie by Arya Stark:Black Walder Rivers
29%
2/3 Pierced through the throat by Polliver:Lommy Greenhands
29%
2/9 Speared through the back of the neck by Podrick Payne:Mandon Moore
29%
2/7 Beaten to death by Jaime Lannister:Alton Lannister
27%
4/5 Impaled through the head by Jon Snow:Karl Tanner
27%
4/9 Shot in the neck with an arrow:Pypar
27%
6/3 Beheaded by Smalljon Umber/Umber soldiers for Ramsay Bolton:Shaggydog
27%
2/10 Locked inside his vault to suffocate or starve:Xaro Xhoan Daxos
27%
6/1 Stabbed in the back by Tyene Sand:Areo Hotah
26%
1/8 Throat slit by Drogo:Mago
24%
2/6 Torn apart by rioters:High Septon
23%
1/6 Throat slit by Bronn:Vardis Egen
23%
5/9 Stabbed repeatedly by the Sons of the Harpy:Hizdahr zo Loraq
21%
2/7 Throat slit by Pyat Pree:Spice King
21%
6/3 Stabbed through the throat by Eddard Stark in a flashback:Gerold Hightower
20%
3/8 Killed by Daario Naharis:Mero
20%
6/8 Hanged by Sandor Clegane:Lem Lemoncloak
19%
1/9 Cut down by Jorah Mormont:Qotho
19%
6/7 Hanged by Lem Lemoncloak:Ray
19%
4/9 Head smashed with a hammer by Jon Snow:Styr
19%
3/9 Killed by Jon Snow:Orell
17%
2/2 Beheaded by a member of Khal Jhaqo's khalasar:Rakharo
17%
1/8 Stabbed by a Lannister guardsmen:Mordane
16%
4/2 Torn apart by Ramsay's hounds:Tansy
16%
5/2 Beheaded by Daario Naharis on orders of Daenerys Targaryen:Mossador
14%
4/7 Stabbed by Arya Stark:Rorge
14%
5/1 Throat slit by a member of the Sons of the Harpy:White Rat
14%
2/1 Throat slit by Janos Slynt:Barra
13%
2/7 Strangled by Jaime Lannister:Torrhen Karstark
13%
5/8 Torn apart by a pack of wights:Karsi
10%
3/4 Burned by Drogon at Daenerys Targaryen's command:Kraznys mo Nakloz
10%
6/9 Shot with an arrow through the eye by Ramsay Bolton:Wun Weg Wun Dar Wun
10%
6/8 Throat slit by The Waif:Crane
9%
2/7 Throat slit by Pyat Pree:Copper King
7%
1/8 Burned by black brothers:Jafer Flowers
7%
1/5 Killed by mountain clansmen:Kurleket
7%
2/5 Cut down by Brienne of Tarth:Robar Royce
7%
2/7 Throat slit by Pyat Pree:Silk King
7%
2/4 Killed in battle with the Stark army:Stafford Lannister
7%
1/6 Shot with an arrow by Theon Greyjoy:Stiv
7%
1/8 Speared by a Lannister guardsmen:Vayon Poole
7%
1/6 Throat ripped open by Robb Stark:Wallen
7%
4/8 Flayed by Ramsay Bolton/Bolton men:Adrack Humble
6%
4/2 Burned alive by Melisandre:Axell Florent
6%
3/5 Hacked by Sandor Clegane:Beric Dondarrion
6%
6/1 Knife thrown to the back of the neck by Tyene Sand:Caleotte
6%
4/9 Killed by Mag Mar Tun Doh Weg:Cooper
6%
2/5 Cut down by Brienne of Tarth:Emmon Cuy
6%
6/4 Burned alive by Daenerys Targaryen:Moro
6%
1/8 Burned by Jon Snow:Othor
6%
1/5 Speared by a Lannister man-at-arms:Heward
4%
2/6 Strangled by an unidentified party:Irri
4%
3/9 Throat slit by Catelyn Stark:Joyeuse Erenford
4%
6/8 Killed by Sandor Clegane:Morgan
4%
6/8 Killed by Sandor Clegane:Riddell
4%
4/9 Fell off the top of the wall:Smitty
4%
6/8 Beheaded by Sandor Clegane:Steve
4%
1/7 Speared by a goldcloak:Varly
4%
1/5 Killed by mountain clansmen:Willis Wode
4%
1/5 Speared by a Lannister man-at-arms:Wyl
4%
4/7 Neck snapped by Sandor Clegane:Biter
3%
4/9 Shot by a ballister bolt:Dongo
3%
6/8 Killed by Sandor Clegane:Gatins
3%
6/3 Unknown causes, mentioned:Greatjon Umber
3%
6/4 Neck snapped by Daario Naharis:Iggo
3%
5/8 Impaled through the gut by a White Walker:Loboda
3%
3/8 Killed by Daario Naharis:Prendahl na Ghezn
3%
4/8 Killed by Adrack Humble:Ralf Kenning
3%
2/4 Mauled and bitten by Grey Wind:Rennick
3%
6/4 Stabbed in the back by Daario Naharis:Akho
1%
3/4 Perished to wounds and sickness:Bannen
1%
6/9 Throat slit by Grey Worm:Belicho Paenymion
1%
2/7 Killed by Dagmer:Billy
1%
4/8 Slain by an unidentified wildling:Black Jack Bulwer
1%
2/8 Killed off-screen by the Lord of Bones' warband:Borba
1%
6/4 Burned alive by Daenerys Targaryen:Brozho
1%
4/9 Killed by Mag Mar Tun Doh Weg:Donnel Hill
1%
5/5 Burned alive and eaten by Viserion and Rhaegal:Eaton
1%
6/4 Burned alive by Daenerys Targaryen:Forzho
1%
5/6 Poisoned by Arya Stark:Ghita
1%
5/10 Killed by Stannis Baratheon:Gordy
1%
3/4 Speared by Unsullied at Daenerys Targaryen's command:Greizhen mo Ullhor
1%
4/3 Killed by Ygritte:Guymon
1%
2/8 Killed off-screen by the Lord of Bones' warband:Harker
1%
2/7 Killed by Dagmer:Jack
1%
3/1 Put to the sword off-screen under orders of Gregor Clegane:Jaremy Mallister
1%
4/8 Slain by an unidentified wildling:Kegs
1%
4/1 Killed by Sandor Clegane:Lowell
1%
5/3 Flayed alive by Ramsay Bolton off-screen:Medger Cerwyn
1%
4/8 Slain by an unidentified wilding:Mully
1%
4/3 Decapitated by Daario Naharis:Oznak zo Pahl
1%
6/4 Burned alive by Daenerys Targaryen:Qorro
1%
6/9 Throat slit by Grey Worm:Razdal mo Eraz
1%
6/4 Burned alive by Daenerys Targaryen:Rhalko
1%
5/10 Killed by Stannis Baratheon:Simpson
1%
2/8 Killed off-screen by the Lord of Bones' warband:Stonesnake
1%
2/10 Stabbed through the groin by Brienne:Tom
1%
3/9 Killed by a Frey Soldier:Wendel Manderly
1%
4/10 Burned alive by Drogon off-screen:Zalla
1%
2/6 Throat slit by Osha:Drennen
0%
6/7 Causes unknown, mentioned:Maege Mormont
0%

Score Distribution

Percentile by Number Answered

Percent of People with Each Score

Your Score History

You have not taken this quiz